书目信息 |
| 题名: |
吴门画派
|
|
| 作者: | 紫都 , 耿静 , 鄢爱华 编著 | |
| 分册: | 2 祝允明 | |
| 出版信息: | 北京 中央编译出版社 2004 |
|
| 页数: | 152页 | |
| 开本: | 22cm | |
| 丛书名: | ||
| 单 册: | ||
| 中图分类: | J292.112.6 , J212.099 | |
| 科图分类: | ||
| 主题词: | 中国画 , 画派 , 中国画--画派--美术批评--中国 , 书法 , 美术批评 | |
| 电子资源: | ||
| ISBN: | 7-80109-917-6 | |
| 000 | 01103nam0 2200349 450 | |
| 001 | 002960715 | |
| 005 | 20070805095811.40 | |
| 010 | @a7-80109-917-6@b精装@dCNY380.00(全套) | |
| 100 | @a20050815d2004 em y0chiy0110 ea | |
| 101 | 0 | @achi@eeng |
| 102 | @aCN@b110000 | |
| 105 | @aa z 001yy | |
| 200 | 1 | @a吴门画派@9wu men hua pai@h2@i祝允明@f紫都,耿静,鄢爱华编著 |
| 210 | @a北京@c中央编译出版社@d2004 | |
| 215 | @a152页@c图@d22cm | |
| 330 | @a本书介绍了明代书法家祝允明的生平和艺术生涯,还包括历代名家对他的作品评述及祝允明鉴赏。 | |
| 510 | 1 | @aWumen School of Painting@h2@iZhu Yunming(1460-1526)@zeng |
| 600 | 0 | @a祝允明@f(1460~1526) |
| 600 | 0 | @a祝允明@f(1460~1526)@x书法@x美术批评 |
| 606 | 0 | @a中国画 |
| 606 | 0 | @a画派 |
| 606 | 0 | @a中国画@x画派@x美术批评@y中国 |
| 606 | 0 | @a书法 |
| 606 | 0 | @a美术批评 |
| 610 | 0 | @a吴门画派 |
| 690 | @aJ292.112.6@v4 | |
| 690 | @aJ212.099@v4 | |
| 701 | 0 | @a紫都@9zi du@4编著 |
| 701 | 0 | @a耿静@9geng jing@c(美术)@4编著 |
| 701 | 0 | @a鄢爱华@9yan ai hua@c(艺术)@4编著 |
| 801 | 0 | @aCN@bNLC@c20070805 |
| 905 | @a10447@dJ212.099@e542:2 | |
| 吴门画派.2.祝允明/紫都,耿静,鄢爱华编著.-北京:中央编译出版社,2004 |
| 152页:图;22cm |
| ISBN 7-80109-917-6(精装):CNY380.00(全套) |
| 本书介绍了明代书法家祝允明的生平和艺术生涯,还包括历代名家对他的作品评述及祝允明鉴赏。 |
| ● |
| 相关链接 |
|
|
|
|
正题名:吴门画派
索取号:J212.099/542:2
 
预约/预借
| 序号 | 登录号 | 条形码 | 馆藏地/架位号 | 状态 | 备注 |
| 1 | 0807364 | 208073644 | 第一样本阅览室/ [索取号:J212.099/542:2] | 在馆 | |
| 2 | 0807365 | 208073653 | 第一借阅区/ [索取号:J212.099/542:2] | 在馆 |